000 01243nam a22002777a 4500
005 20170324143017.0
008 140714b xxu||||| |||| 00| 0 Urdu d
010 _aUR-8527 B-548306 B-665945
020 _c300.00
_a9789381029039
035 _aU-7082 B-548306 B-665945
037 _bBPPD/Publishers/Venders
037 _bDBAD/Pub.
037 _bStar publications(Vend.)/Arshia Pub.(Pub.)
040 _aDPL
_bUrdu
082 _a 840.8
100 _aحسن ر ضا
245 _aنا ز قا د ر ی :شخص ا و ر عکس
_cحسن ر ضا
246 _aNaaz Quadri :Shakhs Aur Aks
_bbyDr. Hasan Raza
260 _bArshia Publictions
_bStar Publications.( Vender)
_c2013
260 _a4/5Asaf Ali Road,New Delhi-110002
270 _aA-170,Ground Floor, 3,Surya Apartment, Dilshad Colony,
_b دھلی
_e110095
_k9971775969
300 _a192ص
_c22Cm(Pb)
942 _2ddc
_cUR
_mح س ن
_h840.8
999 _c87812
_d87812